|
|
|
|
| LEADER |
00000nam a2200000 a 4500 |
| 001 |
vtls001168757 |
| 003 |
SK-MaSNL |
| 005 |
20260301112111.0 |
| 008 |
240314s1984 PL 0 pol |
| 035 |
|
|
|a SNK000111737
|
| 040 |
|
|
|a SNK
|b slo
|c SNK
|e AACR2
|
| 041 |
0 |
|
|a pol
|
| 044 |
|
|
|a PL
|
| 080 |
|
|
|a 930.253(438)
|2 1981
|
| 100 |
1 |
|
|a Barczak, Henryk
|4 aut
|9 452290
|
| 245 |
1 |
0 |
|a Opracowywaniei udostepnianie materiálów archiwalnych w archiwach paňstwowych
|c Henryk Barczak, Barbara Kubiczek, Maria Lewandowska
|
| 260 |
|
|
|a Warszawa
|b Centrum Informacji Naukowej, Technicnej i Ekonomicznej
|c 1984
|
| 300 |
|
|
|a 53 s.
|c 8°
|
| 490 |
0 |
|
|a SINTO : Materialy metodyczne
|v 19
|
| 700 |
1 |
|
|a Kubiczek, Barbara
|4 aut
|9 452291
|
| 700 |
1 |
|
|a Lewandowska, Maria
|4 aut
|9 452292
|
| 958 |
|
|
|a RK
|
| 958 |
|
|
|a OND
|
| 999 |
|
|
|c 709459
|d 711389
|
| 952 |
|
|
|t P60, <04>, [BOOK], {604}
|a SNK
|b SNK
|y VYP
|7 0
|p 17A0205443
|o snkIC 101292
|0 0
|1 0
|4 0
|d 1999-08-03
|l 0
|r 2005-01-01 00:00:00
|w 2026-02-23
|